000 00827 a2200265 4500
001 78405
999 _c78405
_d26136
003 TR-AnTOB
005 20200505111339.0
008 100301m tu 00000 tur
022 _a1300-2880
040 _aTOBB ETÜ
041 _atur
050 0 _aJornual
_bCOGi
090 _aJornual COGi
245 0 _aCogito =
_büç aylık düşünce dergisi.
246 _aDüşünce dergisi.
260 _aİstanbul :
_bYapı Kredi Yayayınları,
_c1998-
310 _a3 aylık.
500 _aKütüphanedeki Mevcutlar: 1994-2007,Dizin 41-44,2005 ; 45-49,2006 ; 50-52,2007 ; 59-61,2009- Kütüphanedeki Eksikler: 53,2007 ; 54-57,2008 ;58,2009.
650 _aPhilosophy
_vPeriodicals
_926
650 _aSosyal bilimler
_xİstatistiksel metodlar
_914352
903 _aSüreli Yayınlar Bölümü
945 _ago
942 _cCR